Doonesbury Characters Quiz Stats

 Plays Quiz not verified by Sporcle

Also try: Bearded Ladies
Challenge
Share
Tweet
Embed
Score 0/66 Timer 10:00
0 Plays Today
% Correct
Mike Doonesbury
100%
B.D
95.8%
Zonker Harris
90.7%
Uncle Duke
89.8%
Mark Slackmeyer
85.6%
Joanie Caucus
76.3%
Barbara Ann 'Boopsie' Boopstein
73.7%
Honey Huan
73.7%
Rick Redfern
72%
J.J Caucus
72%
Alex Doonesbury
71.2%
Kim Rosenthal
66.1%
Zeke Brenner
62.7%
Jeff Redfern
54.2%
Mr Butts
53.4%
Zipper Harris
51.7%
Lacey Davenport
51.7%
Phred
49.2%
Bernie
47.5%
Roland Burton Hedley,III
46.6%
Jim Andrews
44.9%
Phil Slackmeyer
44.1%
Dick Davenport
42.4%
Leo DeLuca
42.4%
Andy Lippincott
39.8%
Clyde Montana
39%
Chase Talbott III
38.1%
Earl
38.1%
Samantha
38.1%
Virginia Slade
36.4%
Alice P. Schwarzman
35.6%
Jimmy Thudpucker
34.7%
Sid Kibbitz
33.1%
% Correct
Benjamin Doonesbury
33.1%
Ray Hightower
33.1%
Nicole
28.8%
Elmont
27.1%
The Rev. Scot Sloan
27.1%
Daisy Doonesbury
26.3%
Elias
25.4%
President King
24.6%
Melissa
24.6%
Clinton Caucus
22.9%
Marcia Feinbloom
22%
Mr. Jay
21.2%
MacArthur
21.2%
Didi Robins
20.3%
George
19.5%
Drew
19.5%
Rufus Jackson
15.3%
Howard
15.3%
Marilou Slackmeyer
14.4%
Ellie
14.4%
Terry Blackburn Jr
13.6%
Trff Bmzklfrpz
11.9%
Calvin
11%
Skip
11%
Roz
10.2%
Kirby
9.3%
Cornell
9.3%
Mini-D
9.3%
Jean
7.6%
Woodrow
6.8%
Uncle Henry
6.8%
Bobby Mathews
5.9%
Malcolm Deveaux
5.1%

You're not logged in!

Compare scores with friends on all Sporcle quizzes.
OR
Log In

You Might Also Like...

Show Comments

Extras

Top Quizzes Today


Score Distribution

Your Account Isn't Verified!

In order to create a playlist on Sporcle, you need to verify the email address you used during registration. Go to your Sporcle Settings to finish the process.

Report this User

Report this user for behavior that violates our Community Guidelines.

Details: